Body Parts by Cliche Attribute - Statistics

General Stats
  • This quiz has been taken 404 times
    394 since last reset
  • The average score is 6 of 16
Answer Stats
Hint Answer % Correct
intelligence brain
93%
spirit; caring; empathy heart
78%
ability to find, detect, or root out nose
56%
affinity for or interest in something; ability to spot something hard to find eye
54%
ability to learn quickly by listening ear
52%
clumsiness; having poor footing; inability to dance left feet
47%
a woman who dates a closeted gay man beard
34%
bravery; audacity testicles
33%
bravery; tenacity intestines
32%
a rude, obnoxious, or unpleasant person buttocks or genitalia
27%
endurance for unpleasant things stomach
26%
clusminess, particularly with handling things thumbs
20%
man who is weak or cowardly female genitalia
18%
a villain in pro wrestling heel
14%
natural ability or knack for understanding something head
11%
an inherited disposition for something blood
7%
No matching quizzes found
Score Distribution
Percent of People with Each Score
Percentile by Number Answered
Your Score History
You have not taken this quiz since the last reset